Slovensko putovanie po zaujímavých miestach

Bibliographic Details
Other Authors: Bárta, Vladimír, 1939- (Photographer), Barta, Vladimír, 1974- (Photographer)
Format: Book
Language:Slovak
English
German
PhysicalDescription:63 s. fareb. fotogr. 30 cm
Published: Slovenská Ľupča AB ART press [2008]
ISBN:9788089270132 (viaz.)
Edition:[1. vyd.]
Subjects:

MARC

LEADER 00000nam a2200000 a 4500
001 vtls009311741
003 SK-MaSNL
005 20260331204741.0
008 160610s2008 xo o g 001 0 slo
015 |a SNBA2009/10-05199 
020 |a 9788089270132 (viaz.) 
035 |a 244C3E0D-0864-46A1-A0FA-13E32A2B0359 
035 |a urn:nbn:sk:snk-amkwx2 
035 |a urn:nbn:sk:snk-am0082nz 
040 |a SNK  |b slo  |c SNK  |e AACR2 
041 0 |a slo  |a eng  |a ger 
043 |a e-xo--- 
044 |a xo  |c SK 
072 7 |a 913(4)  |x Geografia Európy, reálie, cestovanie  |2 konspekt 
080 |a 94(437.6)  |2 2001 
080 |a 908(437.6)  |2 2001 
080 |a (084.12)  |2 2001 
100 1 |a Bárta, Vladimír,  |d 1939-  |4 pht  |9 117674 
245 1 0 |a Slovensko  |b putovanie po zaujímavých miestach  |c Vladimír Bárta ; [fotografie: Vladimír Bárta a Vladimír Barta] 
246 1 1 |a Slovakia 
246 1 1 |a Slowakei 
250 |a [1. vyd.] 
260 |a Slovenská Ľupča  |b AB ART press  |c [2008] 
300 |a 63 s.  |b fareb. fotogr.  |c 30 cm 
500 |a Názov z obalu 
504 |a Reg. Zoz. 
546 |a Súbež. názov a text angl. a nem. 
651 7 |a Slovensko  |x dejiny  |2 SNKPH  |9 13278 
651 7 |a Slovensko  |x vlastiveda  |2 SNKPH  |9 265825 
655 7 |a fotografické publikácie  |2 SNKPH  |9 70483 
700 1 |a Barta, Vladimír,  |d 1974-  |4 pht  |9 42736 
919 |a 978-80-89270-13-2 
968 |d 90 
999 |c 656613  |d 658543 
952 |a SNK  |b SNK  |y PREZ  |7 0  |p 17A0630139  |o snkSB 78189  |i snk2009/15696  |8 0  |0 0  |1 0  |4 0  |d 2009-09-02  |f 1  |l 0  |r 2025-04-28 00:00:00  |w 2026-02-23 
952 |a SNK  |b SNK  |y VYP  |7 0  |p 17A0630140  |o snkSB 78189 D1  |i snk2009/15697  |8 0  |z Digitalizovaný  |0 0  |1 0  |4 0  |d 2009-09-02  |l 0  |r 2016-06-30 00:00:00  |w 2026-02-23 
952 |t snkSVK 908.11.9  |a SNKUST  |b SNKUST  |y PREZ  |7 0  |p 17A0569734  |o snkSB 78189 D2  |i snk2008/14144  |8 3  |g 8.90  |z Digitalizovaný  |0 0  |1 0  |4 0  |d 2008-07-14  |l 0  |r 2025-05-28 00:00:00  |w 2026-02-23